000 00364nam a22001577a 4500
003 OSt
008 250421b |||||||| |||| 00| 0 eng d
020 _a9789355515612
082 _a005.133 KAD
100 _aKANETKAR, Yashavant
245 _aData Structure Through C
250 _a5th Ed
260 _aNew Delhi
_bBPB
_c2025
300 _a298
942 _2ddc
_cBK
999 _c13365
_d13365